Kybernetik Zeitschrift für Nachrichtenübertragung, Nachrichtenverarbeitung, Steuerung und Regelung in Organismen und in Automaten
Guardado en:
| Formato: | Seriadas |
|---|---|
| Lenguaje: | alemán |
| Publicado: |
Berlin
Springer
|
| Etiquetas: |
Sin Etiquetas, Sea el primero en etiquetar este registro!
|
MARC
| LEADER | 00000nas1a2200000^^^4500 | ||
|---|---|---|---|
| 001 | 0010834 | ||
| 005 | 20250730114820.0 | ||
| 022 | |a 0023-5946 | ||
| 041 | 0 | |a ger | |
| 044 | |a DE | ||
| 245 | 1 | 0 | |a Kybernetik |b Zeitschrift für Nachrichtenübertragung, Nachrichtenverarbeitung, Steuerung und Regelung in Organismen und in Automaten |
| 264 | 1 | |a Berlin |b Springer | |